00747nam a22002057a 4500003000500000005001700005008004100022010000900063011000900072035000900081040000900090100003300099245015000132260004000282300002200322502010800344650001800452650001800470710005300488CHAP20220329133313.0971013s1975 r 00010 d a4617 a5589 a4803 cCHAP00aBringas Grijalva, Guadalupe. aFluctuaciones estacionales y diarias de las poblaciones de fauna insectil en soyab: en el Valle del Yaqui, Sonora durante 1973. Chapingo, Méx. aChapingo, Méx. :bEl autor,c1975 a49 h.b: gráfs. aTesis (Ing. Agr. Esp. en Parasitología Agrícola) -- ENA. Departamento de Parasitología Agrícola14aSoyaxPlagas.14aSoyaxSonora.0 aENA. Departamento de Parasitología Agrícola.